[Event "35th olw final"]
[Site "Bled"]
[Date "2002.10.27"]
[Round "2.1"]
[White "Hoiberg, Nina"]
[Black "Chiburdanidze, Maia"]
[Result "0-1"]
[WhiteElo "2248"]
[BlackElo "2497"]
[EventDate "2002.10.26"]
[WhiteTeam "Denmark"]
[BlackTeam "Georgia"]
[PlyCount "62"]

1.d4 Nf6 2.Nf3 e6 3.c4 b6 4.e3 Bb7 5.Bd3 d5 6.O-O Nbd7 7.Nc3 a6 8.cxd5
exd5 9.b3 Bd6 10.Bb2 O-O 11.Ne2 Qe7 12.Ng3 g6 13.Qc2 Ne4 14.Nd2 f5 15.
Ndxe4 fxe4 16.Be2 Rf7 17.a4 Raf8 18.Qc1 a5 19.Ba3 c5 20.Qd2 h5 21.Bb5 Nf6
22.f4 exf3 23.gxf3 h4 24.Nh1 Nh5 25.f4 g5 26.dxc5 bxc5 27.Rae1 gxf4 28.
exf4 Rg7+ 29.Kf2 Qg5 30.Rg1 Bxf4 31.Rxg5 Bxd2+ 0-1

[Event "35th olw final"]
[Site "Bled"]
[Date "2002.10.27"]
[Round "2.3"]
[White "Bekker Jensen, Anne"]
[Black "Arakhamia Grant, Ketevan"]
[Result "0-1"]
[WhiteElo "2034"]
[BlackElo "2413"]
[EventDate "2002.10.26"]
[WhiteTeam "Denmark"]
[BlackTeam "Georgia"]
[PlyCount "82"]

1.d4 Nf6 2.c4 g6 3.Nc3 Bg7 4.e4 d6 5.f4 O-O 6.Nf3 c5 7.d5 e6 8.Be2 exd5 9.
exd5 Re8 10.O-O Bf5 11.Bd3 Qd7 12.Qc2 Na6 13.a3 Nc7 14.Nh4 Bxd3 15.Qxd3
Ng4 16.Nf3 f5 17.Bd2 a6 18.Rae1 b5 19.b3 h6 20.Rxe8+ Rxe8 21.Re1 Nf6 22.
Nh4 Kh7 23.h3 Rxe1+ 24.Bxe1 Qe8 25.Ne2 Ne4 26.Ba5 Qe7 27.Be1 bxc4 28.bxc4
Ne8 29.a4 N8f6 30.a5 Qe8 31.Qb3 Nh5 32.Qf3 Qa4 33.Nxf5 Qd1 34.Qxe4 Qxe1+
35.Kh2 Nf6 36.Qd3 gxf5 37.Qxf5+ Kh8 38.Qc8+ Ng8 39.Qe8 Qxa5 40.Ng3 Qd2 41.
f5 Ba1 0-1

[Event "35th olw final"]
[Site "Bled"]
[Date "2002.10.28"]
[Round "3.2"]
[White "Fredericia, Louise Winther"]
[Black "Ortiz Aguirre, Nadya Karolina"]
[Result "1-0"]
[WhiteElo "2130"]
[BlackElo "2159"]
[EventDate "2002.10.26"]
[WhiteTeam "Denmark"]
[BlackTeam "Colombia"]
[PlyCount "65"]

1.e4 e5 2.Nc3 Bc5 3.Bc4 Nf6 4.d3 c6 5.f4 d6 6.Nf3 b5 7.Bb3 O-O 8.f5 Nbd7
9.Bg5 Qc7 10.Qd2 Rb8 11.O-O-O a5 12.a4 Bb4 13.Bxf6 Nxf6 14.g4 Nd7 15.Qg5
Bxc3 16.bxc3 bxa4 17.Bxa4 f6 18.Qh4 Nc5 19.Bb3+ Nxb3+ 20.cxb3 Rxb3 21.Kc2
a4 22.g5 Qa5 23.Qe1 Ba6 24.gxf6 gxf6 25.Rb1 Rfb8 26.Rxb3 axb3+ 27.Kd2 b2
28.Qg3+ Kh8 29.Rg1 b1=N+ 30.Ke3 Qc5+ 31.Nd4 exd4+ 32.cxd4 Qa7 33.Qxd6 1-0

[Event "35th olw final"]
[Site "Bled"]
[Date "2002.10.29"]
[Round "4.1"]
[White "Krivec, Jana"]
[Black "Vovk, Oksana"]
[Result "1/2-1/2"]
[WhiteElo "2269"]
[BlackElo "2088"]
[EventDate "2002.10.26"]
[WhiteTeam "Slovenia 1"]
[BlackTeam "Denmark"]
[PlyCount "56"]

1.e4 e6 2.d4 d5 3.Nc3 Nf6 4.Bg5 Be7 5.e5 Nfd7 6.h4 Bxg5 7.hxg5 Qxg5 8.Nh3
Qe7 9.Qg4 g6 10.Nf4 Nc6 11.O-O-O h5 12.Qf3 Nb6 13.g4 h4 14.Nh3 Bd7 15.g5
O-O-O 16.Qf4 Rh7 17.Ng1 Rdh8 18.Rh3 Na5 19.Nf3 Nac4 20.Bxc4 Nxc4 21.a3 b5
22.Na2 c5 23.Rdh1 cxd4 24.Qxd4 Kb7 25.Kb1 Rc8 26.Rxh4 Rxh4 27.Rxh4 a5 28.
c3 Nb6 1/2-1/2

[Event "35th olw final"]
[Site "Bled"]
[Date "2002.10.29"]
[Round "4.2"]
[White "Fredericia, Louise Winther"]
[Black "Kaps, Darja"]
[Result "0-1"]
[WhiteElo "2130"]
[BlackElo "2224"]
[EventDate "2002.10.26"]
[WhiteTeam "Denmark"]
[BlackTeam "Slovenia 1"]
[PlyCount "69"]

1.e4 c6 2.d4 d5 3.Nc3 g6 4.h3 Bg7 5.e5 b6 6.Nf3 e6 7.Bf4 Ba6 8.Bxa6 Nxa6
9.Qd2 Bf8 10.O-O h6 11.h4 Ne7 12.Nd1 Nf5 13.g3 c5 14.Ne3 Nxe3 15.Bxe3 Rc8
16.c4 cxd4 17.Nxd4 Rxc4 18.b3 Rc8 19.Nxe6 fxe6 20.Qd3 Nc7 21.Qxg6+ Kd7 22.
Rac1 Ba3 23.Rc2 Qg8 24.Qd3 Qh7 25.Qe2 Qe4 26.Rd1 Rhg8 27.Rd4 Qxe5 28.Ra4
Bc5 29.Qf3 Bxe3 30.Qf7+ Kd6 31.Rxc7 Qxg3+ 32.Kf1 Qg2+ 33.Ke2 Rxc7 34.Kxe3
Rxf7 35.Kd4 0-1

[Event "35th olw final"]
[Site "Bled"]
[Date "2002.10.29"]
[Round "4.3"]
[White "Srebrnic, Ana"]
[Black "Bekker Jensen, Anne"]
[Result "1-0"]
[WhiteElo "2241"]
[BlackElo "2034"]
[EventDate "2002.10.26"]
[WhiteTeam "Slovenia 1"]
[BlackTeam "Denmark"]
[PlyCount "87"]

1.Nf3 Nf6 2.c4 g6 3.Nc3 Bg7 4.e4 d6 5.d4 O-O 6.Be2 e5 7.O-O Nc6 8.d5 Ne7
9.Ne1 Ne8 10.Be3 f5 11.f3 f4 12.Bf2 g5 13.Nd3 Rf7 14.c5 Bf8 15.cxd6 cxd6
16.a4 h5 17.a5 Rg7 18.Nb5 Bd7 19.Qb3 Ng6 20.Nxa7 g4 21.Rfc1 Nh4 22.Ne1 Qg5
23.Rc2 gxf3 24.Bxf3 Bg4 25.Bb6 Qg6 26.Kh1 Nxf3 27.gxf3 Bh3 28.Qd3 Be7 29.
Qe2 Bh4 30.Nd3 Bd8 31.Rg1 Qf7 32.Rxg7+ Qxg7 33.Bxd8 Rxd8 34.Nb5 Rc8 35.
Rxc8 Bxc8 36.Qc2 Qd7 37.Nc3 Qh3 38.Qg2+ Qxg2+ 39.Kxg2 Bd7 40.b4 Nc7 41.Nb2
h4 42.Nc4 h3+ 43.Kf2 Na6 44.Na2 1-0

[Event "35th olw final"]
[Site "Bled"]
[Date "2002.10.31"]
[Round "6.1"]
[White "Danielian, Elina"]
[Black "Vovk, Oksana"]
[Result "1-0"]
[WhiteElo "2389"]
[BlackElo "2088"]
[EventDate "2002.10.26"]
[WhiteTeam "Armenia"]
[BlackTeam "Denmark"]
[PlyCount "103"]

1.Nf3 Nf6 2.g3 b6 3.Bg2 Bb7 4.O-O e6 5.d3 d5 6.Nbd2 Nbd7 7.Re1 Bc5 8.c3 a5
9.Qc2 O-O 10.e4 dxe4 11.Nxe4 Nxe4 12.dxe4 e5 13.Nh4 Qf6 14.Nf5 Rfe8 15.h4
Qg6 16.Bd2 Nf6 17.b4 Bf8 18.a3 Red8 19.Rad1 Bc6 20.Bg5 h6 21.Rxd8 Rxd8 22.
Bc1 Ra8 23.Qe2 Bd7 24.Qc4 Rc8 25.Bh3 b5 26.Qd3 c5 27.bxa5 Ra8 28.c4 bxc4
29.Qxc4 Be6 30.Qc3 Nd7 31.Rd1 Qf6 32.Bf1 Qd8 33.a6 Qc7 34.Bc4 Bxc4 35.Qxc4
Nb6 36.Qb5 Kh7 37.Bb2 g6 38.Ne3 Bd6 39.Bc3 Qb8 40.a4 Kg7 41.Rb1 Nxa4 42.
Qxb8 Rxb8 43.Rxb8 Bxb8 44.Nd5 f6 45.Ba5 Kf7 46.Nb6 Nb2 47.Nc8 Nc4 48.Bc7
Bxc7 49.a7 Nd2 50.a8=Q c4 51.Qd5+ Ke8 52.Qxd2 1-0

[Event "35th olw final"]
[Site "Bled"]
[Date "2002.10.31"]
[Round "6.2"]
[White "Fredericia, Louise Winther"]
[Black "Hlgatian, Goar"]
[Result "1-0"]
[WhiteElo "2130"]
[BlackElo "2234"]
[EventDate "2002.10.26"]
[WhiteTeam "Denmark"]
[BlackTeam "Armenia"]
[PlyCount "99"]

1.e4 e6 2.d4 d5 3.exd5 exd5 4.Bd3 Nc6 5.Nf3 Bg4 6.c3 Qd7 7.h3 Bh5 8.Be3
Bd6 9.Nbd2 f5 10.Qe2 O-O-O 11.g3 Re8 12.O-O-O Nf6 13.Qf1 Bxg3 14.fxg3 Rxe3
15.Ne5 Qd6 16.Bxf5+ Kb8 17.g4 Be8 18.Qf4 Rxe5 19.dxe5 Nxe5 20.Qg5 g6 21.
Bc2 h6 22.Qe3 Nfd7 23.Rhe1 a6 24.Nf3 Nc4 25.Qd4 Rf8 26.Qxd5 Qf4+ 27.Kb1
Ndb6 28.Qd8+ Ka7 29.Rxe8 Rxe8 30.Qxe8 Qxf3 31.Re1 Qxh3 32.Qxg6 Qg3 33.Qe6
a5 34.a4 Qg2 35.Qe2 Qc6 36.Qf2 Qd7 37.Qd4 Qc6 38.Bb3 Qg6+ 39.Ka2 Nd6 40.
Re5 Qh7 41.Rxa5+ Kb8 42.Re5 Nd7 43.Re2 Qg6 44.Be6 Nb6 45.c4 Nf7 46.a5 Na8
47.Bf5 Qg8 48.Qd5 c6 49.Qd7 Nc7 50.Re7 1-0

[Event "35th olw final"]
[Site "Bled"]
[Date "2002.10.31"]
[Round "6.3"]
[White "Galojan, Lilit"]
[Black "Bekker Jensen, Anne"]
[Result "1-0"]
[WhiteElo "2236"]
[BlackElo "2034"]
[EventDate "2002.10.26"]
[WhiteTeam "Armenia"]
[BlackTeam "Denmark"]
[PlyCount "63"]

1.d4 Nf6 2.c4 g6 3.Nc3 Bg7 4.e4 d6 5.f3 O-O 6.Be3 c5 7.Nge2 Nc6 8.d5 Ne5
9.Ng3 e6 10.Be2 exd5 11.cxd5 a6 12.a4 h5 13.O-O Nh7 14.f4 Ng4 15.Bxg4 Bxg4
16.Qd2 h4 17.Nge2 f5 18.e5 dxe5 19.Bxc5 Re8 20.h3 Bxe2 21.Nxe2 Nf6 22.d6
Kh7 23.Nc3 e4 24.Rfd1 Nd7 25.Be3 Qa5 26.Nd5 Qxd2 27.Rxd2 Rac8 28.Nc7 Rf8
29.Ra3 Rf6 30.Rb3 Bf8 31.Rxb7 Kg8 32.Nxa6 1-0

[Event "35th olw final"]
[Site "Bled"]
[Date "2002.11.01"]
[Round "7.1"]
[White "Hoiberg, Nina"]
[Black "Hernandez Guerrero, Yadira"]
[Result "1-0"]
[WhiteElo "2248"]
[BlackElo "2234"]
[EventDate "2002.10.26"]
[WhiteTeam "Denmark"]
[BlackTeam "Mexico"]
[PlyCount "107"]

1.e4 c6 2.d4 d5 3.e5 Bf5 4.c4 e6 5.Nc3 Ne7 6.Nge2 Nd7 7.Nf4 dxc4 8.g4 Bd3
9.Nxd3 cxd3 10.Bxd3 Qb6 11.Be3 Nd5 12.Nxd5 cxd5 13.O-O Be7 14.Qc2 h6 15.
Rac1 Bd8 16.Qd2 h5 17.Rc3 Qb4 18.Rfc1 hxg4 19.Bg5 a6 20.a3 Qxd4 21.Rc8
Nxe5 22.Bb5+ axb5 23.Qxd4 Nf3+ 24.Kf1 Nxd4 25.Rxa8 f6 26.Rcc8 Kd7 27.Be3
Nc6 28.Bb6 e5 29.b4 e4 30.a4 Bxb6 31.Rxh8 Nxb4 32.a5 Bd4 33.Rab8 Nd3 34.
Rxb7+ Kc6 35.a6 Bxf2 36.Rc8+ Kd6 37.a7 Bxa7 38.Rxa7 g5 39.Rf8 Ke5 40.Rb7
b4 41.Rb5 Kd4 42.Rxf6 Kc4 43.Rb8 e3 44.Rc6+ Kd4 45.Rcb6 Ke4 46.Rxb4+ Kf3
47.Rf8+ Nf4 48.Rd4 g3 49.hxg3 Kxg3 50.Rfxf4 gxf4 51.Rxd5 f3 52.Re5 Kf4 53.
Re8 e2+ 54.Kf2 1-0

[Event "35th olw final"]
[Site "Bled"]
[Date "2002.11.01"]
[Round "7.2"]
[White "Guerrero Rodriguez, Alejandra"]
[Black "Vovk, Oksana"]
[Result "0-1"]
[WhiteElo "2020"]
[BlackElo "2088"]
[EventDate "2002.10.26"]
[WhiteTeam "Mexico"]
[BlackTeam "Denmark"]
[PlyCount "75"]

1.e4 c5 2.Nf3 Nc6 3.d4 cxd4 4.Nxd4 Nf6 5.Nc3 e5 6.Ndb5 d6 7.Nd5 Nxd5 8.
exd5 Nb8 9.c4 a6 10.Nc3 Be7 11.Be2 O-O 12.O-O f5 13.f4 Bf6 14.Be3 exf4 15.
Bxf4 Qb6+ 16.Kh1 Qxb2 17.Na4 Qxa1 18.Qc1 Qb1 19.Qxb1 Ba1 20.Nb6 Bd4 21.
Nxa8 Bc5 22.Rc1 Nd7 23.g3 Kf7 24.Kg2 h6 25.h4 Ke7 26.a4 b6 27.Bd1 Kd8 28.
a5 bxa5 29.Bd2 Bb4 30.Bxb4 Ne5 31.Nb6 Bb7 32.Bc2 Kc7 33.Kf2 f4 34.Be4 g5
35.hxg5 hxg5 36.gxf4 Rxf4+ 37.Ke3 Ng4+ 38.Kd4 0-1

[Event "35th olw final"]
[Site "Bled"]
[Date "2002.11.02"]
[Round "8.1"]
[White "Hoiberg, Nina"]
[Black "Lujan, Carolina"]
[Result "0-1"]
[WhiteElo "2248"]
[BlackElo "2238"]
[EventDate "2002.10.26"]
[WhiteTeam "Denmark"]
[BlackTeam "Argentina"]
[PlyCount "102"]

1.e4 c5 2.Nf3 e6 3.b4 cxb4 4.d4 d6 5.a3 Nf6 6.Bd3 Nc6 7.O-O Be7 8.Bd2 bxa3
9.Nxa3 d5 10.e5 Ne4 11.c3 Nxd2 12.Qxd2 O-O 13.Nc2 Rb8 14.Ne3 b5 15.Ng4 f5
16.exf6 Bxf6 17.Nxf6+ Qxf6 18.Rfe1 a6 19.Ne5 Nxe5 20.Rxe5 Qf4 21.Qc2 h6
22.Re3 Rb6 23.Rae1 Qd6 24.Rg3 Rf6 25.Rg6 Rxg6 26.Bxg6 Bd7 27.h3 Rb8 28.Qe2
Rc8 29.Qd3 Be8 30.Re3 Qe7 31.Bf5 Bf7 32.Qe2 Rc6 33.Bc2 Qc7 34.Qd3 g6 35.
Rg3 b4 36.Qd2 Rxc3 37.Bxg6 Rxg3 38.Bxf7+ Kxf7 39.fxg3 Qc3 40.Qxh6 Qxd4+
41.Kh2 Ke7 42.Qh7+ Kd6 43.Qb7 Qc4 44.Qb8+ Kc5 45.Qc8+ Kb5 46.Qb7+ Ka4 47.
Qd7+ Ka3 48.Qxe6 b3 49.Qe1 b2 50.h4 Qb4 51.Qb1 Qe4 0-1

[Event "35th olw final"]
[Site "Bled"]
[Date "2002.11.02"]
[Round "8.2"]
[White "Burijovich, Liliana"]
[Black "Vovk, Oksana"]
[Result "1/2-1/2"]
[WhiteElo "2188"]
[BlackElo "2088"]
[EventDate "2002.10.26"]
[WhiteTeam "Argentina"]
[BlackTeam "Denmark"]
[PlyCount "57"]

1.Nf3 Nf6 2.g3 b6 3.Bg2 Bb7 4.O-O e6 5.d3 d5 6.Nbd2 Nbd7 7.c3 a5 8.Qc2 Bc5
9.a4 O-O 10.e4 dxe4 11.Nxe4 Nxe4 12.dxe4 Nf6 13.e5 Be4 14.Qd2 Qxd2 15.Nxd2
Bxg2 16.Kxg2 Nd7 17.Nc4 h6 18.Bd2 Rfd8 19.f4 Nb8 20.Rfd1 Na6 21.Kf3 Rd7
22.Ke2 Be7 23.Be3 Rxd1 24.Rxd1 Nc5 25.Bxc5 Bxc5 26.Rd7 Rc8 27.Nd2 Kf8 28.
Nb3 Be7 29.Ke3 1/2-1/2

[Event "35th olw final"]
[Site "Bled"]
[Date "2002.11.02"]
[Round "8.3"]
[White "Fredericia, Louise Winther"]
[Black "Zuriel, Marisa"]
[Result "1/2-1/2"]
[WhiteElo "2130"]
[BlackElo "2229"]
[EventDate "2002.10.26"]
[WhiteTeam "Denmark"]
[BlackTeam "Argentina"]
[PlyCount "74"]

1.e4 c5 2.Nc3 Nc6 3.g3 g6 4.Bg2 Bg7 5.d3 d6 6.Nh3 e6 7.O-O Nge7 8.Be3 O-O
9.f4 f5 10.g4 Nd4 11.gxf5 exf5 12.Kh1 Rb8 13.Nd5 fxe4 14.dxe4 Nxd5 15.Bxd4
Bxd4 16.exd5 Bxb2 17.Rb1 Bg7 18.Ng5 Qf6 19.Ne6 Rf7 20.Be4 b6 21.f5 Qe5 22.
Qf3 Ba6 23.Rf2 Bc4 24.Rd1 Bxa2 25.Qg2 a5 26.Rg1 Re8 27.Ng5 Rf6 28.fxg6
hxg6 29.Rxf6 Qxf6 30.Ne6 Rxe6 31.dxe6 Bxe6 32.Bxg6 d5 33.Qg3 d4 34.Be4 Bc8
35.Qc7 Bh3 36.Qb8+ Kf7 37.Qc7+ Kf8 1/2-1/2

[Event "35th olw final"]
[Site "Bled"]
[Date "2002.11.04"]
[Round "9.1"]
[White "Calzetta Ruiz, Monica"]
[Black "Hoiberg, Nina"]
[Result "1/2-1/2"]
[WhiteElo "2239"]
[BlackElo "2248"]
[EventDate "2002.10.26"]
[WhiteTeam "Spain"]
[BlackTeam "Denmark"]
[PlyCount "25"]

1.e4 e5 2.Nf3 Nc6 3.d4 exd4 4.Nxd4 d6 5.Nc3 Nf6 6.f3 Be7 7.Be3 O-O 8.Qe2
Nxd4 9.Bxd4 c6 10.O-O-O Qa5 11.e5 dxe5 12.Qxe5 Qxe5 13.Bxe5 1/2-1/2

[Event "35th olw final"]
[Site "Bled"]
[Date "2002.11.04"]
[Round "9.2"]
[White "Vovk, Oksana"]
[Black "Hernandez Estevez, Yudania"]
[Result "0-1"]
[WhiteElo "2088"]
[BlackElo "2267"]
[EventDate "2002.10.26"]
[WhiteTeam "Denmark"]
[BlackTeam "Spain"]
[PlyCount "88"]

1.d4 d5 2.c4 c6 3.cxd5 cxd5 4.Nf3 Nf6 5.Nc3 Nc6 6.Bf4 a6 7.Rc1 e6 8.e3 Be7
9.Bd3 O-O 10.h3 Bd7 11.O-O Rc8 12.Ne5 Be8 13.Ne2 Nb4 14.Rxc8 Qxc8 15.Bb1
Bb5 16.Re1 Ne4 17.a3 Nc6 18.f3 Nf6 19.Nc3 Na7 20.Nxb5 Nxb5 21.Qd3 g6 22.
Qd2 Qd8 23.Rc1 Nh5 24.Bh2 Nd6 25.Qc3 Nb5 26.Qd2 Bg5 27.Bd3 Nxd4 28.Bxg6
Nxf3+ 29.Nxf3 hxg6 30.Rc7 b5 31.Nxg5 Qxg5 32.Ra7 Rc8 33.Rxa6 Qf5 34.Bd6
Rc2 35.Ra8+ Kh7 36.Qe1 Qe4 37.Qf1 Qxe3+ 38.Kh2 Rf2 39.Qg1 e5 40.Re8 Qf4+
41.Kh1 Rf1 42.Bxe5 Rxg1+ 43.Kxg1 Qe3+ 44.Kh2 Ng7 0-1

[Event "35th olw final"]
[Site "Bled"]
[Date "2002.11.04"]
[Round "9.3"]
[White "Llaneza Vega, Patricia"]
[Black "Bekker Jensen, Anne"]
[Result "1-0"]
[WhiteElo "2312"]
[BlackElo "2034"]
[EventDate "2002.10.26"]
[WhiteTeam "Spain"]
[BlackTeam "Denmark"]
[PlyCount "61"]

1.e4 c5 2.Nf3 d6 3.Bb5+ Bd7 4.Bxd7+ Qxd7 5.c4 Nc6 6.O-O e6 7.d4 cxd4 8.
Nxd4 Nf6 9.Nc3 Be7 10.Be3 O-O 11.Rc1 Ne8 12.Qe2 Bf6 13.Rfd1 Nxd4 14.Bxd4
Bxd4 15.Rxd4 Qc6 16.Rcd1 a6 17.b3 b5 18.Rc1 Qb6 19.Qd2 Rc8 20.cxb5 axb5
21.Rb4 Nc7 22.h3 Rfd8 23.a4 Qa5 24.Nxb5 Nxb5 25.Rxc8 Rxc8 26.Rc4 Qa8 27.
Rxc8+ Qxc8 28.axb5 Qc5 29.Qe2 h6 30.Qc4 Qe5 31.b6 1-0

[Event "35th olw final"]
[Site "Bled"]
[Date "2002.11.05"]
[Round "10.1"]
[White "Hamid, Rani"]
[Black "Hoiberg, Nina"]
[Result "0-1"]
[WhiteElo "2148"]
[BlackElo "2248"]
[EventDate "2002.10.26"]
[WhiteTeam "Bangladesh"]
[BlackTeam "Denmark"]
[PlyCount "78"]

1.e4 e5 2.Nf3 Nc6 3.Bb5 d6 4.d4 Bd7 5.c3 Nf6 6.Nbd2 Be7 7.O-O O-O 8.Re1
Nxd4 9.cxd4 Bxb5 10.Qb3 Ba6 11.dxe5 dxe5 12.Nxe5 Qd4 13.Nef3 Qb6 14.Qxb6
axb6 15.a3 Bd3 16.e5 Nd5 17.Nf1 Bg6 18.Bd2 b5 19.Ne3 Nf4 20.Bc3 Rfd8 21.
Nd4 c6 22.Ndf5 Bf8 23.g3 Nd3 24.Red1 Bc5 25.b4 Bxf5 26.Nxf5 Bb6 27.Rd2
Nxf2 28.Rxf2 Rd3 29.Be1 Re8 30.Kg2 Bxf2 31.Bxf2 Rxe5 32.g4 h5 33.Bg3 Re2+
34.Kh3 g6 35.Nh6+ Kg7 36.g5 f6 37.gxf6+ Kxh6 38.Rf1 g5 39.f7 g4+ 0-1

[Event "35th olw final"]
[Site "Bled"]
[Date "2002.11.05"]
[Round "10.2"]
[White "Vovk, Oksana"]
[Black "Parveen, Seyda Shabana"]
[Result "1/2-1/2"]
[WhiteElo "2088"]
[BlackElo "2124"]
[EventDate "2002.10.26"]
[WhiteTeam "Denmark"]
[BlackTeam "Bangladesh"]
[PlyCount "125"]

1.c4 e5 2.Nc3 g6 3.g3 Bg7 4.Bg2 Nf6 5.e3 O-O 6.Nge2 c6 7.O-O d5 8.cxd5
cxd5 9.d4 e4 10.f3 exf3 11.Bxf3 Bh3 12.Re1 Qd7 13.Nf4 Be6 14.Qa4 Nc6 15.
Qb5 Rad8 16.Bg2 g5 17.Nd3 b6 18.Bd2 Ne8 19.b3 Nc7 20.Qa4 Bf5 21.Nf2 Be6
22.Rac1 Ne7 23.Qxa7 Nc8 24.Qb7 Ne8 25.Qxd7 Rxd7 26.Nxd5 Bxd5 27.Rxc8 Bxg2
28.Kxg2 Nf6 29.Rec1 h6 30.Rxf8+ Bxf8 31.Rc6 Nd5 32.Ng4 Kh7 33.Ne5 Ra7 34.
Rc2 f6 35.Nd3 f5 36.a4 Re7 37.Kf3 Re8 38.Rc4 h5 39.Ne5 Bd6 40.Nd3 h4 41.
Rc6 Bb8 42.Nb4 g4+ 43.Kf2 hxg3+ 44.hxg3 Nxb4 45.Bxb4 Bxg3+ 46.Kxg3 Rxe3+
47.Kf4 Rxb3 48.Be1 Rf3+ 49.Kg5 g3 50.Rc7+ Kg8 51.Kg6 Kf8 52.Kf6 Ke8 53.Rg7
f4 54.Rg4 Kd7 55.Bd2 Rd3 56.Rg7+ Kc6 57.Bxf4 Rxd4 58.Rc7+ Kd5 59.Rd7+ Kc4
60.Rxd4+ Kxd4 61.Bc7 Kc5 62.a5 bxa5 63.Bxg3 1/2-1/2

[Event "35th olw final"]
[Site "Bled"]
[Date "2002.11.06"]
[Round "11.1"]
[White "Hoiberg, Nina"]
[Black "Geldieva, Mekhri"]
[Result "0-1"]
[WhiteElo "2248"]
[BlackElo "2265"]
[EventDate "2002.10.26"]
[WhiteTeam "Denmark"]
[BlackTeam "Turkmenistan"]
[PlyCount "70"]

1.e4 d6 2.d4 g6 3.Nc3 Bg7 4.f4 c6 5.Nf3 Bg4 6.Be2 Nd7 7.Be3 Qc7 8.O-O Ngf6
9.e5 Nd5 10.Nxd5 cxd5 11.b3 f6 12.Rc1 dxe5 13.dxe5 fxe5 14.Ng5 Bxe2 15.
Qxe2 Bf6 16.fxe5 Qxe5 17.Qd2 O-O 18.Nf3 Qd6 19.Rcd1 Nb6 20.a4 Rad8 21.a5
Nc8 22.Bh6 Rfe8 23.Bg5 Bg7 24.Qf2 Rf8 25.Qh4 Qc5+ 26.Rf2 Rde8 27.b4 Qb5
28.Bh6 Bf6 29.Qh3 Rf7 30.Ng5 Bxg5 31.Rxf7 Bxh6 32.Rdf1 Nd6 33.R7f3 Bg7 34.
Qe6+ Kh8 35.Rh3 Bd4+ 0-1

[Event "35th olw final"]
[Site "Bled"]
[Date "2002.11.06"]
[Round "11.2"]
[White "Ovezova, Maisa"]
[Black "Vovk, Oksana"]
[Result "0-1"]
[WhiteElo "2214"]
[BlackElo "2088"]
[EventDate "2002.10.26"]
[WhiteTeam "Turkmenistan"]
[BlackTeam "Denmark"]
[PlyCount "120"]

1.c4 e5 2.Nc3 Nf6 3.g3 d5 4.cxd5 Nxd5 5.Bg2 Nb6 6.Nf3 Nc6 7.O-O Be7 8.b3
O-O 9.Bb2 Be6 10.Rc1 f5 11.d3 Bf6 12.e3 Qd7 13.Ne2 Rfd8 14.d4 e4 15.Ne5
Bxe5 16.dxe5 Qe7 17.Qc2 Rd7 18.Nf4 Rad8 19.Qc5 Qxc5 20.Rxc5 Kf7 21.Rfc1
Rd2 22.R5c2 g5 23.Nxe6 Kxe6 24.Bf1 Rxc2 25.Rxc2 Rd1 26.Kg2 Nd5 27.Bc4 Nb4
28.Bxd5+ Nxd5 29.a3 Rd3 30.b4 Rxe3 31.Kf1 Rd3 32.Ke2 c6 33.Rc5 Nb6 34.Rc2
Na4 35.Bc1 h6 36.f4 gxf4 37.gxf4 Rh3 38.Kf1 Rc3 39.Rxc3 Nxc3 40.Kf2 b6 41.
Ke3 c5 42.bxc5 bxc5 43.Kd2 Nd5 44.Kc2 h5 45.a4 c4 46.a5 a6 47.h4 e3 48.Kd1
Nxf4 49.Bxe3 Kxe5 50.Kc2 Nd5 51.Bf2 Ke4 52.Kd2 f4 53.Ke2 Ne3 54.Be1 f3+
55.Kd2 Ng4 56.Bg3 Kd4 57.Bf4 c3+ 58.Ke1 Kd3 59.Bg5 Kc2 60.Bf4 Kb1 0-1

[Event "35th olw final"]
[Site "Bled"]
[Date "2002.11.06"]
[Round "11.3"]
[White "Bekker Jensen, Anne"]
[Black "Khallaeva, Bakhar"]
[Result "1/2-1/2"]
[WhiteElo "2034"]
[BlackElo "2163"]
[EventDate "2002.10.26"]
[WhiteTeam "Denmark"]
[BlackTeam "Turkmenistan"]
[PlyCount "74"]

1.d4 Nf6 2.c4 e6 3.Nc3 Bb4 4.e3 b6 5.Nf3 Bb7 6.Be2 O-O 7.O-O d6 8.Qc2 Bxc3
9.Qxc3 Ne4 10.Qc2 Nd7 11.Bd3 f5 12.Nd2 Nxd2 13.Bxd2 Qh4 14.f3 Rf6 15.Be1
Qh6 16.Qe2 Re8 17.e4 f4 18.e5 Rf7 19.Rd1 Qg5 20.Bc3 Nf8 21.Qc2 Rd7 22.Kh1
Red8 23.Rfe1 Qh6 24.Be4 d5 25.Bd3 Rf7 26.b4 dxc4 27.Bxc4 Kh8 28.Bd3 Bd5
29.b5 Rc8 30.Bb4 Ng6 31.Bc4 Bxc4 32.Qxc4 Ne7 33.Bxe7 Rxe7 34.d5 exd5 35.
Rxd5 Rce8 36.Qd4 Qe6 37.Re4 Rf7 1/2-1/2

[Event "35th olw final"]
[Site "Bled"]
[Date "2002.11.07"]
[Round "12.1"]
[White "Hoiberg, Nina"]
[Black "Hagesaether, Ellen"]
[Result "0-1"]
[WhiteElo "2248"]
[BlackElo "2151"]
[EventDate "2002.10.26"]
[WhiteTeam "Denmark"]
[BlackTeam "Norway"]
[PlyCount "160"]

1.e4 d6 2.d4 Nf6 3.Nc3 g6 4.f4 Bg7 5.Nf3 c5 6.dxc5 Qa5 7.Bd3 Qxc5 8.Qe2
O-O 9.Be3 Qa5 10.O-O Nc6 11.Kh1 a6 12.Rad1 b5 13.Nd5 Nd7 14.Qf2 Rb8 15.Nd4
Bxd4 16.Bxd4 Qd8 17.Bc3 b4 18.Bd2 e6 19.Ne3 Nc5 20.f5 exf5 21.exf5 Nxd3
22.cxd3 Rb5 23.Qg3 Nd4 24.f6 a5 25.Ng4 Bxg4 26.Qxg4 Nf5 27.Qf3 Qxf6 28.g4
Qxb2 29.gxf5 Rxf5 30.Qg2 Rxf1+ 31.Rxf1 Qxa2 32.Bf4 Qxg2+ 33.Kxg2 d5 34.Rb1
f6 35.Kf3 Rc8 36.Ke3 Rc5 37.Bd6 Rb5 38.Rb3 Kf7 39.Kd4 Ke6 40.Bc5 f5 41.Rb1
f4 42.Re1+ Kf5 43.Kxd5 Kg4 44.Kc4 Rb7 45.Re7 Rb8 46.Re2 b3 47.Rb2 a4 48.d4
f3 49.d5 Rc8 50.d6 a3 51.Rb1 a2 52.Rg1+ Kh3 53.d7 Rd8 54.Kxb3 Rxd7 55.Kxa2
Rd2+ 56.Kb3 f2 57.Rc1 Kg2 58.Kc3 Ra2 59.Kb3 Re2 60.Bxf2 Rxf2 61.Rc7 Rf3+
62.Kb4 Rh3 63.Rc2+ Kg1 64.Kc4 Rxh2 65.Rc1+ Kg2 66.Kd3 Kf3 67.Rf1+ Rf2 68.
Rg1 Kf4 69.Ra1 h5 70.Ra4+ Kg3 71.Ke3 Rf5 72.Ra1 Re5+ 73.Kd4 Re2 74.Rg1+
Rg2 75.Rf1 g5 76.Ke4 g4 77.Ra1 h4 78.Ra3+ Kh2 79.Kf4 g3 80.Rb3 Rc2 0-1

[Event "35th olw final"]
[Site "Bled"]
[Date "2002.11.07"]
[Round "12.2"]
[White "Bjerke, Silje"]
[Black "Vovk, Oksana"]
[Result "0-1"]
[WhiteElo "2065"]
[BlackElo "2088"]
[EventDate "2002.10.26"]
[WhiteTeam "Norway"]
[BlackTeam "Denmark"]
[PlyCount "120"]

1.d4 Nf6 2.c4 e6 3.Nc3 Bb4 4.Qc2 O-O 5.a3 Bxc3+ 6.Qxc3 d6 7.Bg5 Nbd7 8.Nf3
b6 9.e3 Bb7 10.Bd3 c5 11.O-O Re8 12.Rad1 Rc8 13.Bb1 Bxf3 14.gxf3 Nd5 15.
Bxh7+ Kh8 16.Bxd8 Nxc3 17.bxc3 Kxh7 18.Bh4 cxd4 19.Rxd4 Ne5 20.Kg2 Rxc4
21.Bg3 Rxd4 22.cxd4 Nc4 23.a4 Rc8 24.e4 Kg8 25.Bf4 Kf8 26.Re1 Ke7 27.Kf1
Kd7 28.Bc1 Kc6 29.Ke2 Kb7 30.Kd3 Ka6 31.Re2 Ka5 32.Rc2 d5 33.Re2 Ne5+ 34.
dxe5 dxe4+ 35.Rxe4 Rxc1 36.Rf4 Rc7 37.h4 g6 38.Rd4 a6 39.f4 b5 40.axb5
axb5 41.f5 exf5 42.h5 gxh5 43.Rf4 b4 44.Rxf5 Ka4 45.Rxh5 b3 46.Rh8 Ka3 47.
Ra8+ Kb2 48.f4 Kb1 49.Rb8 b2 50.Ke4 Kc2 51.Kf5 Rc6 52.Ke4 Rc4+ 53.Kf5 b1=Q
54.Rxb1 Kxb1 55.Kg5 Rc6 56.f5 Kc2 57.e6 fxe6 58.f6 e5 59.f7 Rc8 60.Kf5 Rf8
0-1

[Event "35th olw final"]
[Site "Bled"]
[Date "2002.11.07"]
[Round "12.3"]
[White "Bekker Jensen, Anne"]
[Black "Johnsen, Sylvia"]
[Result "0-1"]
[WhiteElo "2034"]
[BlackElo "2079"]
[EventDate "2002.10.26"]
[WhiteTeam "Denmark"]
[BlackTeam "Norway"]
[PlyCount "48"]

1.d4 g6 2.c4 Bg7 3.Nc3 Nf6 4.e4 d6 5.f4 O-O 6.Nf3 c5 7.dxc5 Qa5 8.Bd3 Qxc5
9.Qe2 Nc6 10.Be3 Qa5 11.h3 Nh5 12.Kf2 f5 13.g3 Bxc3 14.bxc3 fxe4 15.Bxe4
Qxc3 16.Bxc6 bxc6 17.Bd4 Qa3 18.Qxe7 c5 19.Qxd6 Bb7 20.Qe6+ Rf7 21.Qe3 Qa4
22.Bxc5 Re8 23.Qb3 Qc6 24.Bd4 Nxf4 0-1

[Event "35th olw final"]
[Site "Bled"]
[Date "2002.11.08"]
[Round "13.1"]
[White "Petronic, Sanja"]
[Black "Hoiberg, Nina"]
[Result "1/2-1/2"]
[WhiteElo "2281"]
[BlackElo "2248"]
[EventDate "2002.10.26"]
[WhiteTeam "Singapore"]
[BlackTeam "Denmark"]
[PlyCount "33"]

1.e4 e5 2.Nf3 Nc6 3.Bb5 d6 4.d4 Bd7 5.O-O Be7 6.Nc3 Nf6 7.Bxc6 Bxc6 8.Qd3
Nxe4 9.d5 Nc5 10.Qc4 Bd7 11.Be3 c6 12.Bxc5 cxd5 13.Qxd5 Bc6 14.Qd1 dxc5
15.Nxe5 O-O 16.Nxc6 bxc6 17.Qf3 1/2-1/2

[Event "35th olw final"]
[Site "Bled"]
[Date "2002.11.10"]
[Round "14.1"]
[White "Ostry, Irina"]
[Black "Hoiberg, Nina"]
[Result "1/2-1/2"]
[WhiteElo "2232"]
[BlackElo "2248"]
[EventDate "2002.10.26"]
[WhiteTeam "Kyrgyzstan"]
[BlackTeam "Denmark"]
[PlyCount "100"]

1.c4 e5 2.e3 d6 3.Nc3 g6 4.g3 Bg7 5.Bg2 f5 6.Nge2 Nf6 7.O-O O-O 8.d4 Nc6
9.b3 Ne7 10.dxe5 dxe5 11.Ba3 Qxd1 12.Raxd1 Kf7 13.Nb5 Ne8 14.Rd8 c6 15.
Nd6+ Nxd6 16.Rxd6 Be6 17.Rfd1 Rfe8 18.Nc3 Nc8 19.R6d2 Nb6 20.Bc5 Bf6 21.a4
Rad8 22.a5 Nc8 23.Ba3 e4 24.Na4 Rxd2 25.Rxd2 Rd8 26.Bc1 b6 27.axb6 axb6
28.Rxd8 Bxd8 29.f3 b5 30.Nb2 Nd6 31.fxe4 Nxe4 32.Nd3 Bf6 33.Bxe4 fxe4 34.
Nc5 bxc4 35.bxc4 Bxc4 36.Nxe4 Be7 37.Kf2 Ke6 38.Bb2 Bd3 39.Nc3 h5 40.Ne2
Bxe2 41.Kxe2 g5 42.Kd3 Bd6 43.Ke4 Bb4 44.Bg7 Be1 45.Bf8 Ba5 46.h3 Bd8 47.
g4 hxg4 48.hxg4 Bb6 49.Bh6 Kf6 50.Bf8 Ke6 1/2-1/2